STN ISO 10018: 2023 (01 0373) : manažérstvo kvality : usmernenie na zapojenie pracovníkov : február 2023

Salvato in:
Dettagli Bibliografici
Natura: Libro
Lingua:slovacco
Pubblicazione: Bratislava : ÚNMS 2023
Soggetti:
Tags: Aggiungi Tag
Nessun Tag, puoi essere il primo ad aggiungerne!!

MARC

LEADER 00000nam a22000003a 4500
001 0104167
005 20230817124222.9
008 050905s2005----xo------------------slo-d
040 |a STU  |b slo 
041 0 |a slo 
044 |a xo 
080 |a 658.56 
245 |a STN ISO 10018: 2023 (01 0373) :  |b manažérstvo kvality : usmernenie na zapojenie pracovníkov : február 2023 
260 |a Bratislava :  |b ÚNMS  |c 2023 
300 |a 16 s. 
650 7 |a kvalita  |2 stusub 
650 7 |a manažment kvality  |2 stusub 
996 |b 284M089413  |c M* N-1714-1  |l MMKN  |s A  |a 24  |w 0104167_0001